| 000 | 00000nas 2200000za 4500 |
| 001 | 9.819466 |
| 003 | CaOODSP |
| 005 | 20250403105801 |
| 007 | cr ||||||||||| |
| 008 | 160615d19711980onc x p oss f000#b0fre|d |
| 022 | |y0318-8787 |
| 040 | |aCaOODSP|bfre |
| 041 | |aeng|afre |
| 043 | |an-cn--- |
| 086 | 1 |aCS61-212-PDF |
| 086 | 1 |aCS61-519-PDF |
| 245 | 00|aSelected financial statistics of charitable organizations |h[ressource électronique] / |cStatistics Canada, Merchandising and Services Division = Certaines statistiques financières des oeuvres de charité / Statistique Canada, Division du commerce et des services. |
| 246 | 11|aCertaines statistiques financières des oeuvres de charité |
| 246 | 13|aCertaines statistiques financières des organismes de charité |f1980 |
| 260 | |aOttawa : |bStatistics Canada = Statistique Canada, |c1975-1982. |
| 310 | |aIrrégulier, |b1980 |
| 321 | |aAnnuel, |b1971-1972/1973 |
| 362 | 0 |a1971-1980. |
| 500 | |aÉdition numérisée de l’imprimé [par Statistique Canada]. |
| 500 | |aLa livr. pour 1980 contient des erreurs. |
| 515 | |aLes livr. de 1974-1979 n'ont pas été publiées. |
| 546 | |aTexte en anglais et en français. |
| 550 | |aPublié 1972/1973 par Statistique Canada; 1980, par Division du commerce et des services. |
| 692 | 07|2gccst|aOrganisme de bienfaisance |
| 692 | 07|2gccst|aFinances |
| 710 | 2 |aStatistique Canada.|bDivision du commerce et des services. |
| 710 | 2 |aStatistique Canada. |
| 791 | |tSelected financial statistics of charitable organizations |eeng|w(CaOODSP)9.819462 |